| 000 | 00516nam a22001697a 4500 | ||
|---|---|---|---|
| 005 | 20250519152543.0 | ||
| 008 | 250519b |||||||| |||| 00| 0 eng d | ||
| 040 | _cDO | ||
| 245 | _aAfrica's wild dogs | ||
| 250 | _aMay 1999 Vol. 195 No. 5 | ||
| 490 | _aNational Geographic | ||
| 520 | _aThe Caspian Sea, Africa's Wild Dogs, Pirates of the Whydah, Missouri Breaks, Ants and Plants- Friends and Foes, The rise of Life on Earth | ||
| 650 | _xAFRICA | ||
| 650 | _xPIRATES | ||
| 650 | _xDISCOVERY | ||
| 942 |
_2ddc _cCR |
||
| 999 |
_c5544 _d5544 |
||